Party games for 3's to 8's and easy cakes too!
| Main Author: | |
|---|---|
| Format: | Book |
| Published: |
London :
Foulsham ,
1990
|
| Subjects: |
MARC
| LEADER | 00000cam a2200000 7i4500 | ||
|---|---|---|---|
| 001 | 0000005739 | ||
| 002 | 000006204 | ||
| 005 | 20000330.0 | ||
| 020 | |a 0572015801 | ||
| 090 | 0 | 0 | |a 793.21 |b DAY |
| 100 | 1 | |a Day, Maurice | |
| 245 | 1 | 0 | |a Party games for 3's to 8's and easy cakes too! |c Maurice Day |
| 260 | |a London : |b Foulsham , |c 1990 | ||
| 300 | |a 128 p. : |b ill ; |c 20 cm. | ||
| 650 | 0 | 0 | |a Entertaining |
| 650 | 0 | 0 | |a Games |
| 999 | |a 031473 |b BUKU |c PINJAMAN |e PERPUSTAKAAN KOMUNITI PETALING JAYA | ||
| 999 | |a 031474 |b BUKU |c PINJAMAN |e PERPUSTAKAAN KOMUNITI PETALING JAYA | ||